General Principles of the Law of Contract / (Record no. 484)

MARC details
000 -LEADER
fixed length control field 00521nam a22001697a 4500
005 - DATE AND TIME OF INPUT
control field 20231109132150.0
008 - DATA ELEMENTS--GENERAL INFORMATION
fixed length control field 231109b |||||||| |||| 00| 0 eng d
020 ## - INTERNATIONAL STANDARD BOOK NUMBER
International Standard Book Number 0702118079
041 ## - LANGUAGE CODE
Language code of text English
082 ## - SHELF NUMBER
DDC number 346.2 JOU
100 ## - MAIN AUTHOR
Main author's name Joubert, DJ
Language of a work English
245 ## - TITLE STATEMENT
Title General Principles of the Law of Contract /
Statement of responsibility, etc. DJ Joubert
260 ## - PUBLICATION, DISTRIBUTION, ETC.
Place of publication, distribution, etc. Cape Town :
Name of publisher, distributor, etc. Juta and Company Ltd,
Date of publication, distribution, etc. 1987
300 ## - PHYSICAL DESCRIPTION
Other physical details lxvii, 344 pages ;
Dimensions 26 cm.
650 ## - SUBJECT`
Broad subject Legal practice
Own subject terms Law
942 ## - ADDED ENTRY ELEMENTS (KOHA)
Item type Books
942 ## - ADDED ENTRY ELEMENTS (KOHA)
-- ALISON_BN_VRIES
Holdings
Source of classification or shelving scheme Not for loan Collection code Home library Current library Shelving location Date acquired Full call number Barcode Price effective from Koha item type
Dewey Decimal Classification   TEXT BOOKS LAW SOCIETY OF NAMIBIA LIBRARY - WINDHOEK LAW SOCIETY OF NAMIBIA LIBRARY - WINDHOEK Contract law 11/09/2023 346.2 JOU LSN/1987/147 11/09/2023 Books